[Event "EYCC 2017"]
[Site "Mamaia"]
[Date "2017.09.09"]
[Round "5"]
[White "Olsen, Filip Boe"]
[Black "Sargsyan, Shant"]
[Result "0-1"]
[WhiteElo "2279"]
[BlackElo "2436"]
[Annotator "TA"]
[PlyCount "90"]
[EventDate "2017.??.??"]
[EventType "swiss"]
[EventCountry "ROU"]
[SourceTitle "playchess.com"]
[Source "ChessBase"]
[SourceQuality "1"]

{[%evp 26,90,19,0,28,26,37,40,40,29,36,25,35,0,2,0,0,0,0,0,4,-34,-34,-256,-242,-339,-339,-339,-304,-315,-327,-311,-329,-327,-327,-318,-291,-300,-278,-650,-639,-624,-610,-678,-523,-1144,-1186,-1392,-1931,-1904,-1907,-1886,-1844,-1792,-1851,-1762,-1648,-1843,-1833,-2074,-1858,-29988,-29989,-29989,-29990,-29995,-29995]} 1. d4 Nf6 2. c4 g6 3. Nc3 d5 4. cxd5 Nxd5 5. e4 Nxc3 6. bxc3 Bg7 7. Be3 c5 8. Rc1 Qa5 9. Qd2 O-O 10. Nf3 Rd8 11. d5 e6 12. Bg5 {D85: Exchange Grünfeld: Unusual White 7th moves and lines with 7 Nf3} (12. d6 Qa4 13. h4 Qxe4 14. h5 Qd5 15. Qc2 Rxd6 16. hxg6 hxg6 17. Ng5 Nc6 18. Ne4 Rd7 19. Bg5 Bxc3+ 20. Qxc3 Qxe4+ {0-1 (40) Harikrishna,P (2750)-Svidler,P (2755) Moscow 2017}) 12... f6 13. c4 Qxd2+ 14. Bxd2 {LiveBook: 6 Games. The position is equal.} b6 15. Bd3 Na6 {[%cal Bb8a6,Ba6c7,Bc7e8][%mdl 32]} 16. O-O Nc7 17. Be3 $146 (17. Bf4 $5 {[%cal Rf4c7]} Ne8 18. h3 $11) ({Find the theoretical novelty and annotate with similar games:} 17. Bf4 e5 18. Be3 Ne8 19. Nd2 Nd6 {1-0 (39) Pacher,M (2455)-Nasuta,G (2353) Banska Stiavnica 2013}) 17... Ne8 18. Nd2 Ba6 19. a4 f5 20. Rfe1 Nf6 21. Bg5 h6 22. Bxf6 Bxf6 23. exf5 (23. g3 {is interesting.} exd5 24. exd5 Kf7 25. a5 Bc8 26. Nf3) 23... exd5 {White must now prevent ...Bg5.} 24. fxg6 $2 (24. g3 $15) 24... Bg5 $19 25. Red1 (25. Nf3 $142 Bxc1 26. Rxc1) 25... Bxd2 26. Rxd2 dxc4 27. Be4 Rxd2 28. Bxa8 {[%mdl 4096] Endgame [#] KRB-KRB} c3 $1 {[%mdl 512]} 29. Be4 {[#]} (29. Rxc3 Rd1#) 29... Be2 $1 30. Bc2 c4 31. h4 a6 {[%cal Ba7a6,Ba6b5,Bb5b4][%mdl 32] Hoping for ...b5.} 32. Kh2 $2 (32. f4) 32... b5 33. axb5 axb5 34. Bf5 Bd3 35. Bxd3 Rxd3 {KR-KR} ({Inferior is} 35... cxd3 36. Rxc3 b4 37. Rb3 $14) 36. h5 b4 37. Ra1 c2 38. Ra8+ Kg7 39. Ra7+ Kf6 40. Ra6+ Kf5 41. Ra5+ Ke4 42. f3+ Ke3 43. Re5+ Kf2 {Black mates.} 44. g7 Rd8 45. Rd5 c1=Q {Precision: White = 30%, Black = 77%.} 0-1

[Event "EYCC 2017"]
[Site "Mamaia"]
[Date "2017.09.09"]
[Round "5"]
[White "Diakonova, Ekaterina"]
[Black "Jorge, Rita Maria Osorio"]
[Result "1/2-1/2"]
[WhiteElo "2276"]
[BlackElo "1923"]
[Annotator "TA"]
[PlyCount "62"]
[EventDate "2017.??.??"]
[EventType "swiss"]
[EventCountry "ROU"]
[SourceTitle "playchess.com"]
[Source "ChessBase"]
[SourceQuality "1"]

{[%evp 18,62,-256,-253,-213,-222,-224,-334,-327,-339,-326,-326,-309,-321,-293,-287,-287,-281,-287,-286,-278,-296,-293,-313,-71,-76,17,-250,-249,-245,-261,-287,-285,-274,-243,-362,-223,-248,-181,-192,0,-230,0,-222,0,-254,0]} 1. e4 c5 2. Nf3 Nc6 3. d4 cxd4 4. Nxd4 g6 5. Be3 Nf6 6. Nc3 Bg7 7. f3 O-O 8. Bc4 Qb6 9. Ncb5 a6 {B35: Sicilian: Accelerated Dragon with 5 Nc3: main line} 10. Nf5 {LiveBook: 3 Games} Qa5+ (10... Qd8 11. Nxg7 axb5 12. Bb3 Kxg7 13. Qd2 Kg8 14. h4 Qa5 15. c3 b4 16. h5 bxc3 17. bxc3 Nxh5 {0-1 (26) Draftian,A (2242)-Hamblok,R (2312) Ghent 2017}) 11. Bd2 {[#]} Qd8 $1 {Black is clearly better.} 12. Nh6+ (12. Nxg7 {was the only defense.} axb5 13. Bxb5) 12... Bxh6 $1 $19 13. Bxh6 axb5 14. Bxf8 bxc4 ({Much less strong is} 14... Kxf8 15. Bb3 $19) 15. Bh6 d5 16. exd5 Nxd5 17. O-O $146 ({Predecessor:} 17. Qe2) 17... Be6 18. Kh1 Qb6 19. Qc1 Nd4 20. Rd1 {Now Be3 and White clings on.} Ne2 $2 (20... Nf5 $19 21. Bd2 f6) 21. Qd2 $17 Qf2 (21... Qxb2 $17 22. Qxe2 Nc3) 22. Rf1 $2 {[%mdl 8192] [#]} (22. Re1 $1 $11) 22... Qh4 $1 $19 23. Qxe2 {aiming for Qd2.} Qxh6 24. b3 c3 25. a4 Qe3 26. Qb5 (26. Qxe3 $142 Nxe3 27. Rf2) 26... b6 27. Rad1 Nf4 {White must now prevent ...Bf5.} 28. Qb4 Nd5 29. Qb5 $1 Nf4 {And now ...Bf5 would win.} 30. Qb4 $1 Nd5 31. Qb5 $1 Nf4 $2 {Precision: White = 51%, Black = 53%.} (31... Ra5 $19 32. Qc4 Qc5 33. Qxc5 Rxc5) 1/2-1/2

[Event "EYCC 2017"]
[Site "Mamaia"]
[Date "2017.09.09"]
[Round "5"]
[White "Cvitan, Ena"]
[Black "Aciu, Malina-Andreea"]
[Result "1-0"]
[WhiteElo "2270"]
[BlackElo "2058"]
[Annotator "TA"]
[PlyCount "61"]
[EventDate "2017.??.??"]
[EventType "swiss"]
[EventCountry "ROU"]
[SourceTitle "playchess.com"]
[Source "ChessBase"]
[SourceQuality "1"]

{[%evp 20,61,-53,-62,-52,-59,-46,-84,-78,-93,-82,-89,-37,-41,-41,-61,0,0,0,-118,-108,-106,-110,-523,-487,-662,-654,-644,-643,-641,-634,-637,-643,-637,-633,-641,-625,-673,-619,-744,29995,29996,29998,29999]} 1. d4 Nf6 2. c4 e6 3. Nc3 Bb4 4. a3 Bxc3+ 5. bxc3 c5 6. e3 O-O 7. Bd3 b6 8. Ne2 Nc6 9. O-O d6 10. Ng3 Ba6 11. Qe2 Rc8 {E29: Nimzo-Indian: Sämisch: 5...0-0 6 e3 c5 7 Bd3 Nc6} 12. Bb2 Na5 13. Rac1 (13. d5 Qd7 14. a4 g6 15. e4 e5 16. Ra2 Ne8 17. Bc1 h5 18. h3 Ng7 19. f4 {1-0 (34) Pedersen,N (2517)-Pilgaard,K (2417) Aalborg 2006}) 13... Qd7 {Black is better.} 14. e4 {[#]} Qa4 $1 {[%cal Ra6c4]} 15. e5 dxe5 (15... Ne8 $17 {[%cal Ra6c4]} 16. Ne4 dxe5) 16. dxe5 $15 Nd7 $146 ({Find the theoretical novelty and annotate with similar games:} 16... Ne8 17. Ne4 Bxc4 18. Ng5 g6 19. Qg4 Kg7 {1-0 (32) Raizman,M-De Greif,B (2370) Amsterdam 1954}) 17. Nh5 Nxc4 (17... Bxc4 $15 18. Rcd1 Kh8) 18. Qg4 $11 {[%csl Gh5][%cal Rg4g7]} g6 19. Nf6+ (19. Qg5 $1 $11 Kh8 20. Bxc4 (20. Qh6 Rg8 $17) 20... Bxc4 21. Rfd1) 19... Nxf6 $17 20. exf6 {aiming for Qf4.} Nxb2 21. Qg5 $2 {[%mdl 8192] [#]} (21. Qxa4 $17 {was the crucial defense.} Nxa4 22. Bxa6) 21... Kh8 $1 $19 22. Qh6 {[%csl Gf6][%cal Rh6g7]} Rg8 23. Bxa6 Qxa6 24. Rce1 g5 25. Re3 {With the idea Rh3.} Rg6 26. Qh5 Nc4 27. Rh3 {[%csl Gh3][%cal Rh5h7]} h6 28. Rd1 {Threatening mate with Qxg6!} Rf8 29. Rd7 {White wants to mate with Qxg6!} Qb5 $4 {[%mdl 8192] [#]} (29... Qxa3 $19 30. Rd1 Qb3) 30. Qxg6 $1 {[%mdl 512]} fxg6 31. Rxh6+ 1-0

[Event "EYCC 2017"]
[Site "Mamaia"]
[Date "2017.09.09"]
[Round "5"]
[White "Krstulovic, Alex"]
[Black "Zachary, Matheo"]
[Result "1/2-1/2"]
[WhiteElo "2261"]
[BlackElo "2325"]
[Annotator "TA"]
[PlyCount "77"]
[EventDate "2017.??.??"]
[EventType "swiss"]
[EventCountry "ROU"]
[SourceTitle "playchess.com"]
[Source "ChessBase"]
[SourceQuality "1"]

{[%evp 20,77,13,8,18,8,14,15,31,29,30,14,4,0,10,12,16,26,19,0,47,32,34,38,30,21,37,34,47,43,47,46,56,49,58,47,61,51,69,50,58,58,62,58,79,66,72,66,81,55,56,41,38,27,23,0,23,14,64,0]} 1. d4 d5 2. c4 c6 3. cxd5 cxd5 4. Bf4 Nc6 5. e3 Nf6 6. Nc3 Bg4 7. Qb3 {D10: Slav Defence: 3 cxd5 (without early Nf3) and 3 Nc3} Na5 8. Qa4+ Bd7 9. Qc2 e6 10. Nf3 Be7 11. h3 {LiveBook: 7 Games} Ne4 12. Bd3 f5 13. O-O Nc6 {[#]} 14. a3 $146 ({Predecessor:} 14. Qb3 Na5 15. Qd1 O-O {½-½ (37) Smirnov,P (2592)-Mamedov,R (2652) Khanty-Mansiysk 2014}) 14... Rc8 15. Ne5 O-O 16. Nxc6 ({Not} 16. Nxe4 $2 dxe4 17. Nxc6 Rxc6 $19) 16... Bxc6 17. Rfc1 Qb6 18. Qe2 Bd7 19. Nb5 {With the idea Bc7.} Nd6 {[%cal Rd7b5]} (19... Bh4 {feels hotter.} 20. g3 a6 21. Nc3 Be7 22. Rab1 Qa5) 20. Nxd6 (20. a4 {looks sharper.} Rxc1+ 21. Rxc1 Rc8 22. Rxc8+ Nxc8 23. g4) 20... Bxd6 21. Bxd6 Qxd6 22. f4 Qb6 23. b4 Ba4 24. Rc5 Bd7 25. Rac1 Qd6 26. Qc2 a6 27. Qc3 Rfd8 28. Rc2 Kf8 29. Qb3 Rc6 30. a4 {[%cal Ba3a4,Ba4b5][%mdl 32]} Rdc8 31. Qa3 Ke8 32. b5 axb5 33. axb5 ({Don't play} 33. Bxb5 Rxc5 34. dxc5 Qe7 $11) 33... R6c7 34. R2c3 Ke7 35. b6 Rxc5 36. dxc5 Qc6 37. g4 g6 38. Qb2 Ra8 (38... d4 $5 {[%cal Rd4c3]} 39. Rc2 e5 40. fxe5 dxe3 $14) 39. Rc1 {Precision: White = 39%, Black = 55%.} (39. Ra3 $14 Rxa3 40. Qxa3) 1/2-1/2

[Event "EYCC 2017"]
[Site "Mamaia"]
[Date "2017.09.09"]
[Round "5"]
[White "Antova, Gabriela"]
[Black "Zotova, Anastasia"]
[Result "1/2-1/2"]
[WhiteElo "2256"]
[BlackElo "2009"]
[Annotator "NA"]
[PlyCount "44"]
[EventDate "2017.??.??"]
[EventType "swiss"]
[EventCountry "ROU"]
[SourceTitle "playchess.com"]
[Source "ChessBase"]
[SourceQuality "1"]
[TimeControl "40/5400+30:1800+30"]

1. d4 {[%emt 0:00:00]} Nf6 {[%emt 0:00:07]} 2. c4 {[%emt 0:00:00]} g6 {[%emt 0:00:04]} 3. Nf3 {[%emt 0:00:00]} Bg7 {[%emt 0:00:09]} 4. g3 {[%emt 0:00:00]} c5 {[%emt 0:01:12]} 5. Bg2 {[%emt 0:00:09]} Qa5+ {[%emt 0:00:22]} 6. Bd2 {[%emt 0:10:40]} Qb6 {[%emt 0:00:10]} 7. dxc5 {[%emt 0:00:55]} Qxc5 {[%emt 0:00:05]} 8. Qb3 {[%emt 0:06:14]} Ne4 {[%emt 0:06:55]} 9. Be3 {[%emt 0:01:58]} Qa5+ {[%emt 0:00:09]} 10. Nbd2 {[%emt 0:06:07]} Nc5 {[%emt 0:04:50]} 11. Qc2 {[%emt 0:04:54]} Nc6 {[%emt 0:02:28]} 12. O-O {[%emt 0:01:49]} d6 {[%emt 0:01:34]} 13. Nb3 {[%emt 0:03:44]} Nxb3 {[%emt 0:04:15]} 14. Qxb3 {[%emt 0:00:27]} O-O {[%emt 0:00:58]} 15. a3 {[%emt 0:03:42]} Rb8 {[%emt 0:02:26]} 16. Rac1 {[%emt 0:06:15]} b5 $11 {[%emt 0:12:23]} 17. c5 {[%emt 0:03:12]} Be6 {[%emt 0:07:47]} 18. Qc2 {[%emt 0:00:22]} Bf5 {[%emt 0:00:33]} 19. Qb3 {[%emt 0:06:47]} Be6 {[%emt 0:01:59]} 20. Qc2 {[%emt 0:00:07]} Bf5 {[%emt 0:00:15]} 21. Qb3 {[%emt 0:03:04]} Be6 {[%emt 0:00:26]} 22. Qc2 {[%emt 0:00:21]} Bf5 {[%emt 0:00:07]} 1/2-1/2

[Event "EYCC 2017"]
[Site "Mamaia"]
[Date "2017.09.09"]
[Round "5"]
[White "Georgescu, Lena"]
[Black "Posuniak, Weronika"]
[Result "1-0"]
[WhiteElo "2246"]
[BlackElo "1856"]
[Annotator "NA"]
[PlyCount "49"]
[EventDate "2017.??.??"]
[EventType "swiss"]
[EventCountry "ROU"]
[SourceTitle "playchess.com"]
[Source "ChessBase"]
[SourceQuality "1"]
[TimeControl "40/5400+30:1800+30"]

1. e4 {[%emt 0:00:00]} g6 {[%emt 0:00:06]} 2. d4 {[%emt 0:00:00]} Bg7 {[%emt 0:00:05]} 3. Nc3 {[%emt 0:00:01]} d5 {[%emt 0:00:09]} 4. Nf3 {[%emt 0:05:18]} Bg4 {[%emt 0:03:44]} 5. Nxd5 {[%emt 0:03:10]} c6 {[%emt 0:03:28]} 6. Nc3 {[%emt 0:01:00]} Bxf3 {[%emt 0:01:41]} 7. Qxf3 {[%emt 0:00:11]} Qxd4 {[%emt 0:00:25]} 8. Be2 {[%emt 0:07:10]} Nd7 {[%emt 0:11:24]} 9. O-O {[%emt 0:00:48]} Ngf6 {[%emt 0:02:19]} 10. Rd1 {[%emt 0:08:37]} Qb6 {[%emt 0:01:13]} 11. Be3 {[%emt 0:04:03]} Qxb2 {[%emt 0:10:39]} 12. Bd4 {[%emt 0:17:22]} e5 {[%emt 0:04:08]} 13. Nb5 {[%emt 0:07:43]} exd4 {[%emt 0:01:00]} 14. Rab1 {[%emt 0:00:38]} Qxc2 {[%emt 0:05:43]} 15. Nc7+ {[%emt 0:02:15]} Ke7 {[%emt 0:01:58]} 16. Nxa8 {[%emt 0:00:31]} Rxa8 {[%emt 0:00:07]} 17. Rxb7 {[%emt 0:04:13]} Qxe4 {[%emt 0:07:40]} 18. Qa3+ {[%emt 0:00:09]} Ke8 {[%emt 0:03:02]} 19. Bf3 {[%emt 0:03:48]} Qe6 {[%emt 0:04:31]} 20. Kf1 {[%emt 0:07:03]} Bf8 {[%emt 0:04:39]} 21. Qa4 {[%emt 0:01:38]} Ne5 {[%emt 0:01:22]} 22. Re1 {[%emt 0:02:31]} Be7 {[%emt 0:01:32]} 23. Qxd4 {[%emt 0:04:10]} Nfd7 {[%emt 0:02:33]} 24. Rxd7 {[%emt 0:03:40]} Kf8 {[%emt 0:06:06]} 25. Qxe5 1-0

[Event "EYCC 2017"]
[Site "Mamaia"]
[Date "2017.09.09"]
[Round "5"]
[White "Sevgi, Volkan"]
[Black "Janik, Igor"]
[Result "0-1"]
[WhiteElo "2240"]
[BlackElo "2418"]
[Annotator "TA"]
[PlyCount "112"]
[EventDate "2017.??.??"]
[EventType "swiss"]
[EventCountry "ROU"]
[SourceTitle "playchess.com"]
[Source "ChessBase"]
[SourceQuality "1"]

{[%evp 17,112,-22,-10,-23,-19,-34,-31,-29,-33,-28,-20,-41,-19,-29,0,-21,-15,-12,0,-63,0,-19,91,77,119,105,104,97,131,-4,72,80,93,95,102,17,22,18,38,-74,0,0,0,0,0,0,8,8,8,9,11,-256,-256,-265,-261,-245,-227,-373,-347,-502,0,-149,0,0,0,0,0,0,0,-340,-334,-469,-328,-611,-606,-573,-560,-506,-431,-500,-484,-475,-442,-1209,-1120,-1120,-1079,-1037,-919,-843,-769,-683,-586,-29996,-29997,-29997,-29998]} 1. e4 c5 2. Nc3 Nc6 3. g3 g6 4. Bg2 Bg7 5. d3 d6 6. Be3 Nf6 7. h3 O-O 8. Qd2 Nd4 9. Nd1 e5 {LiveBook: 8 Games. B26: Closed Sicilian: 3 g3, lines with early Be3} 10. Bg5 $146 ({Predecessor:} 10. c3 Ne6 11. Bh6 d5 12. Bxg7 Kxg7 13. exd5 Nxd5 14. Ne3 Ndc7 15. Ne2 Rb8 16. O-O b6 17. Rad1 {½-½ (67) Gonzalez Laso,A (2210)-Sos Andreu,E (2347) Linares 2017}) 10... b5 (10... h6 $5 {[%cal Rh6g5]} 11. Bxf6 Qxf6 $11) 11. c3 Ne6 {Black is slightly better.} 12. Bxf6 Bxf6 13. Ne3 Bb7 14. Ne2 Bg7 15. O-O $1 f5 16. f4 exf4 17. gxf4 Bh6 18. a4 ({White should play} 18. exf5 $11 Bxg2 19. Kxg2 gxf5 20. Kh2) 18... a6 (18... fxe4 $15 19. Ng4 Bxf4 $1 {[%mdl 512]} 20. Nxf4 Qg5 21. dxe4 Nxf4) 19. Rf2 Kh8 (19... Ng7 $11) 20. exf5 $16 Bxg2 21. fxe6 (21. Rxg2 Nxf4 22. Nxf4 Bxf4 $15) 21... Bb7 22. d4 $1 Qh4 23. Raf1 (23. d5 $16) 23... g5 ({Don't go for} 23... Qxh3 $2 24. d5 $18 (24. Rh2 Qxe6 25. d5 Qe4 $16)) (23... cxd4 $1 $11 {keeps the balance.} 24. cxd4 bxa4) 24. Kh2 $1 {Strongly threatening dxc5.} gxf4 25. Ng4 Rf5 {[%cal Bf8f5,Bf5g5,Bg5g3,Bg3g7][%mdl 32]} 26. Nxh6 ({Much weaker is} 26. Nxf4 $6 Rg8 $14) (26. Qd3 $16 Rh5 27. Nxf4 Bxf4+ 28. Rxf4) 26... Qxh6 $11 27. Nxf4 {aiming for dxc5.} Rg8 $1 28. dxc5 (28. Rg1 $14 {keeps the upper hand.} Rfg5 29. Rff1) 28... dxc5 (28... Qg5 $17 {[%csl Gg8][%cal Rg5g3]} 29. Qe3 Re5) 29. Rg1 Rfg5 $1 {[%cal Rg5g1]} 30. Re1 Qh4 {[%csl Gg5,Gg8][%cal Rh4g3]} 31. Qe3 Rg3 32. Qe5+ R3g7 $132 {[%csl Gg7,Gg8][%cal Rh4g3][%mdl 2048] Black is not keeping still} 33. Nd3 {Threatens to win with Rg1.} Qh5 $1 ({Not} 33... c4 $2 34. Rg1 $18) 34. Ree2 $2 {[%mdl 8192]} (34. Rg1 $11 {and White is okay.} Qxe5+ 35. Nxe5 Rxg1 36. Nf7+ Kg7 37. Kxg1) 34... Qg6 $19 {[%csl Gg7,Gg8][%cal Rg6g1]} 35. Re1 Qxd3 36. Rg1 {Qxg7+! would kill now.} Qd8 37. Rxg7 (37. Re2 {was worth a try.} Qe7 38. axb5) 37... Rxg7 38. Re2 (38. axb5 $142 axb5 39. Qf4) 38... Qe8 $2 (38... Qd1 $1 $19 {[%csl Gb7][%cal Rd1h1]} 39. Qb8+ Bc8 $1 {[%mdl 512]}) 39. axb5 {[#]} (39. e7 $1 $11) 39... axb5 ({Better is} 39... Qg6 $1 $17 {[%csl Gg7][%cal Rg6g1]} 40. Qb8+ Rg8 41. Qe5+ Qg7 42. bxa6 Bxa6) 40. e7 $11 h6 {...Bc6 is the strong threat.} (40... Bc8 $5 {[%cal Rc8d7]}) 41. Qf6 $1 {[%cal Rf6f8] White threatens Qf8+ and mate.} Kh7 {( -> ...Qb8+)} 42. Qf5+ $1 Rg6 43. Qf8 $2 {[%mdl 8192]} (43. h4 $11 {and White has nothing to worry.} Kg7 44. Qe5+ Kh7 45. Qf5) 43... Bc6 $19 44. h4 (44. b3 {keeps fighting.}) 44... Bd7 45. Rg2 $2 (45. Qxe8 Bxe8 46. b3) 45... Rxg2+ 46. Kxg2 Qg6+ 47. Kf2 Be8 48. Ke3 Qe6+ 49. Kf4 Bg6 50. b4 (50. Kg3 $142) 50... Qe4+ 51. Kg3 Qe3+ 52. Kh2 Qd2+ 53. Kg1 Qe1+ 54. Kg2 c4 55. Qd8 Be4+ 56. Kh3 Qe3+ {Precision: White = 29%, Black = 60%.} 0-1

[Event "EYCC 2017"]
[Site "Mamaia"]
[Date "2017.09.09"]
[Round "5"]
[White "Can, Isik"]
[Black "Lazavik, Denis"]
[Result "1-0"]
[WhiteElo "2239"]
[BlackElo "1989"]
[Annotator "NA"]
[PlyCount "135"]
[EventDate "2017.??.??"]
[EventType "swiss"]
[EventCountry "ROU"]
[SourceTitle "playchess.com"]
[Source "ChessBase"]
[SourceQuality "1"]
[TimeControl "40/5400+30:1800+30"]

1. e4 {[%emt 0:00:00]} e5 {[%emt 0:00:38]} 2. Nf3 {[%emt 0:00:00]} Nc6 {[%emt 0:00:29]} 3. Bb5 {[%emt 0:00:00]} a6 {[%emt 0:00:25]} 4. Bxc6 {[%emt 0:00:00]} dxc6 {[%emt 0:00:22]} 5. O-O {[%emt 0:00:00]} Bg4 {[%emt 0:00:38]} 6. h3 {[%emt 0:00:11]} h5 {[%emt 0:00:17]} 7. d3 {[%emt 0:00:10]} Qf6 {[%emt 0:00:32]} 8. Nbd2 {[%emt 0:00:07]} Ne7 {[%emt 0:00:37]} 9. Re1 {[%emt 0:00:14]} Ng6 {[%emt 0:00:14]} 10. d4 {[%emt 0:00:08]} Bd6 {[%emt 0:00:21]} 11. hxg4 {[%emt 0:00:56]} hxg4 {[%emt 0:00:08]} 12. Nh2 {[%emt 0:00:03]} Rxh2 {[%emt 0:00:27]} 13. Qxg4 {[%emt 0:00:10]} Qh4 {[%emt 0:00:28]} 14. Qxh4 {[%emt 0:00:06]} Rxh4 {[%emt 0:00:07]} 15. Nf3 {[%emt 0:00:05]} Rh5 {[%emt 0:00:08]} 16. Be3 {[%emt 0:09:11]} O-O-O {[%emt 0:06:27]} 17. g3 {[%emt 0:02:46]} exd4 {[%emt 0:08:55]} 18. Bxd4 {[%emt 0:01:38]} f6 {[%emt 0:07:01]} 19. Kg2 {[%emt 0:07:22]} c5 {[%emt 0:11:33]} 20. Bc3 {[%emt 0:07:30]} c4 {[%emt 0:05:04]} 21. a4 {[%emt 0:03:33]} Rhh8 {[%emt 0:09:14] [#]} ({Black should try} 21... Rdh8 $11) 22. a5 $1 {[%emt 0:07:03]} Be5 $16 {[%emt 0:10:04]} 23. Nxe5 {[%emt 0:26:48]} Nxe5 {[%emt 0:00:17]} 24. f3 {[%emt 0:06:09]} Nf7 {[%emt 0:08:41]} 25. Ra4 {[%emt 0:07:50]} Nd6 {[%emt 0:00:28]} 26. f4 {[%emt 0:00:53]} Rh5 {[%emt 0:04:04]} 27. e5 {[%emt 0:01:58]} fxe5 {[%emt 0:01:34]} 28. fxe5 {[%emt 0:05:34]} Nb5 {[%emt 0:01:09]} 29. Rxc4 {[%emt 0:00:34]} Re8 {[%emt 0:02:29]} 30. g4 {[%emt 0:03:15]} Rg5 {[%emt 0:01:08]} 31. Kg3 {[%emt 0:03:01]} Nxc3 {[%emt 0:05:33]} 32. Kf4 {[%emt 0:00:11]} Rg6 {[%emt 0:00:55]} 33. Rxc3 {[%emt 0:00:07]} Rf8+ {[%emt 0:00:11]} 34. Kg3 {[%emt 0:00:09]} Re6 {[%emt 0:00:37]} 35. Rc5 {[%emt 0:03:21]} g5 {[%emt 0:01:57]} 36. Re3 {[%emt 0:01:28]} Rfe8 {[%emt 0:03:15]} 37. Kf3 {[%emt 0:01:33]} Rf8+ {[%emt 0:01:18]} 38. Kg3 {[%emt 0:00:05]} Rfe8 {[%emt 0:00:07]} 39. Kf2 {[%emt 0:01:40]} c6 {[%emt 0:01:29]} 40. Ke2 {[%emt 0:00:00]} Kd7 {[%emt 0:01:23]} 41. Kd3 {[%emt 0:05:32]} Rf8 {[%emt 0:00:36]} 42. Rc4 {[%emt 0:01:02]} Kc7 {[%emt 0:01:44]} 43. Rce4 {[%emt 0:00:47]} Rd8+ {[%emt 0:00:34]} 44. Kc4 {[%emt 0:00:44]} Rde8 {[%emt 0:01:12]} 45. Kc5 {[%emt 0:07:18]} Rd8 {[%emt 0:00:30]} 46. c4 {[%emt 0:00:21]} Rde8 {[%emt 0:00:09]} 47. b4 {[%emt 0:01:08]} R8e7 {[%emt 0:00:42]} 48. Rf3 {[%emt 0:08:29]} Rxe5+ {[%emt 0:01:37]} 49. Rxe5 {[%emt 0:00:01]} Rxe5+ {[%emt 0:00:08]} 50. Kd4 {[%emt 0:00:02]} Re7 {[%emt 0:05:11]} 51. Rf5 {[%emt 0:00:39]} Rd7+ {[%emt 0:00:39]} 52. Kc5 {[%emt 0:00:14]} Rg7 {[%emt 0:03:22]} 53. Rf6 {[%emt 0:05:42]} Re7 {[%emt 0:12:42]} 54. Rg6 {[%emt 0:00:11]} Re5+ {[%emt 0:00:35]} 55. Kd4 {[%emt 0:00:07]} Re7 {[%emt 0:00:12]} 56. Rxg5 {[%emt 0:00:16]} b6 {[%emt 0:00:20]} 57. axb6+ {[%emt 0:03:42]} Kxb6 {[%emt 0:00:04]} 58. Re5 {[%emt 0:00:50]} Rd7+ {[%emt 0:00:51]} 59. Ke4 {[%emt 0:00:36]} Rd1 {[%emt 0:00:10]} 60. g5 {[%emt 0:00:04]} Re1+ {[%emt 0:00:26]} 61. Kf5 {[%emt 0:00:10]} Rf1+ {[%emt 0:00:38]} 62. Ke6 {[%emt 0:00:13]} c5 {[%emt 0:02:28]} 63. Rxc5 {[%emt 0:00:35]} Rb1 {[%emt 0:00:07]} 64. g6 {[%emt 0:00:37]} Rxb4 {[%emt 0:00:05]} 65. Rc8 {[%emt 0:00:22]} Rb1 {[%emt 0:00:13]} 66. g7 {[%emt 0:00:06]} Re1+ {[%emt 0:00:03]} 67. Kd5 {[%emt 0:00:07]} Rd1+ {[%emt 0:00:04]} 68. Ke4 {[%emt 0:00:04]} 1-0

[Event "EYCC 2017"]
[Site "Mamaia"]
[Date "2017.09.09"]
[Round "5"]
[White "De Boer, Eelke"]
[Black "Henderson de La Fuente, Lance"]
[Result "1/2-1/2"]
[WhiteElo "2233"]
[BlackElo "2408"]
[Annotator "TA"]
[PlyCount "116"]
[EventDate "2017.??.??"]
[EventType "swiss"]
[EventCountry "ROU"]
[SourceTitle "playchess.com"]
[Source "ChessBase"]
[SourceQuality "1"]

{[%evp 23,116,0,2,-99,-93,-94,-86,-100,-91,-131,-96,-89,-88,-79,-87,-94,27,-34,-13,-16,0,0,28,23,31,17,19,0,16,0,0,0,0,0,0,-6,0,0,0,0,0,0,0,0,0,0,0,0,0,0,0,0,0,0,0,0,0,-23,-37,-50,0,0,0,0,0,0,0,0,0,-8,0,0,0,0,0,0,0,0,0,0,0,0,0,0,0,0,0,0,0,0,0,0,0,0,0]} 1. e4 e6 2. d4 d5 3. Nc3 Nf6 4. Bg5 Bb4 5. e5 h6 6. Be3 Ne4 7. Qg4 Kf8 8. Nge2 {C12: French: Classical System: McCutcheon Variation} c5 9. dxc5 Nc6 10. O-O-O Bxc3 11. Nxc3 Nxc3 12. bxc3 Qa5 {LiveBook: 4 Games} 13. Kb2 $146 (13. Kd2 $11) ({Find the theoretical novelty and annotate with similar games:} 13. Kd2 Nxe5 14. Qb4 Nc6 15. Qxa5 Nxa5 {½-½ (29) Rodo (2668)-Klosterfrau (2627) playchess.com INT 2007}) 13... b6 $1 $17 {[%cal Rb6c5]} (13... Nxe5 $6 14. Qb4 $14) 14. cxb6 axb6 {[#] White must now prevent ...h5.} 15. a4 $1 {[%mdl 512] [#]} Ba6 $1 ({Of course not} 15... Nxe5 $6 16. Qb4+ Kg8 17. Bd4 $14 (17. Bxb6 Qxa4 18. Qxa4 Rxa4 $11)) (15... Qxa4 16. Qxa4) 16. Bd3 Kg8 ({Don't play} 16... Nxe5 $6 17. Qb4+ Qxb4+ 18. cxb4 $11) 17. Ra1 Bxd3 18. cxd3 Kh7 19. Kc2 {[#]} Nxe5 (19... b5 $1 $17 {[%cal Rb5a4]} 20. axb5 Qxb5) 20. Qd4 ({Better is} 20. Qb4 $1 $11) 20... Nd7 $15 21. Rhb1 Rhc8 22. Qb4 {[%cal Re3b6]} Qxb4 (22... Qa6 {is interesting.} 23. Qb5 Qb7 24. Bxb6 Rc6 25. Be3 Qc8) 23. Rxb4 Rc6 24. Rab1 Kg6 25. Bd4 (25. Kd2 {with more complications.} h5 26. Ra1 Ra6 27. Rb5 Rc8 28. Kc2) 25... h5 (25... e5 {looks sharper.} 26. Bxb6 d4 27. c4 Rf6 28. f3 Nxb6 29. Rxb6 Rxa4 30. c5 Ra5) 26. Bxb6 Nxb6 27. Rxb6 Rxb6 28. Rxb6 {aiming for Kb3.} Rxa4 $11 {[%mdl 4096] Endgame KR-KR} 29. Kb2 Kf6 30. Rb4 Ra7 31. c4 dxc4 32. dxc4 Ke5 33. Rb5+ Kd4 34. Kb3 g6 35. Rb8 Ra1 {Strongly threatening ...Rb1+.} 36. Rd8+ Kc5 37. Rc8+ Kd4 38. Rd8+ Kc5 39. Rc8+ Kd4 40. Rf8 Rb1+ 41. Kc2 Rh1 42. Rxf7 {The position is equal.} Rxh2 43. Rf4+ Kc5 44. g3 g5 45. Rf8 Kxc4 46. Kd2 h4 47. gxh4 gxh4 48. Ke3 h3 49. Kf3 Kd4 50. Kg3 Rh1 51. Rf4+ Kd3 52. Rh4 Rg1+ (52... h2 $5) 53. Kf3 Rh1 54. Kg3 e5 (54... h2 $5) 55. Rxh3 Rxh3+ 56. Kxh3 e4 57. Kg3 e3 58. fxe3 Kxe3 {Precision: White = 64%, Black = 51%.} 1/2-1/2